|
|
|
|
| LEADER |
00000nam0a2200000 4500 |
| 001 |
108069 |
| 005 |
20231031115518.0 |
| 035 |
|
|
|a (RuTPU)RU\TPU\book\116662
|
| 090 |
|
|
|a 108069
|
| 100 |
|
|
|a 20070112d1986 k y0rusy5003 ca
|
| 101 |
0 |
|
|a rus
|
| 102 |
|
|
|a RU
|
| 105 |
|
|
|a a j 001zy
|
| 200 |
1 |
|
|a Художественное конструирование. Проектирование и моделирование промышленных изделий
|e учебник для вузов
|f под ред. З. Н. Быковой, Г. Б. Минервиной
|
| 210 |
|
|
|a Москва
|c Высшая школа
|d 1986
|
| 215 |
|
|
|a 238,[1] с.
|c ил.
|
| 300 |
|
|
|a Авт. указаны на обороте тит. л.
|
| 320 |
|
|
|a Библиогр.: с. 234.
|
| 320 |
|
|
|a Предм. указ.: с. 235-236.
|
| 610 |
1 |
|
|a художественное конструирование
|
| 610 |
1 |
|
|a промышленные изделия
|
| 610 |
1 |
|
|a проектирование
|
| 610 |
1 |
|
|a моделирование
|
| 610 |
1 |
|
|a техническая эстетика
|
| 610 |
1 |
|
|a эргономика
|
| 610 |
1 |
|
|a проектная графика
|
| 610 |
1 |
|
|a макетирование
|
| 610 |
1 |
|
|a масштабность
|
| 610 |
1 |
|
|a пропорциональность
|
| 610 |
1 |
|
|a композиции
|
| 610 |
1 |
|
|a учебники
|
| 675 |
|
|
|a 658.512.23(075.8)
|z rus
|
| 702 |
|
1 |
|a Быков
|b З. Н.
|g Захар Николаевич
|4 340
|
| 702 |
|
1 |
|a Минервина
|b Г. Б.
|4 340
|
| 801 |
|
0 |
|a RU
|b RuMRKP
|c 19950417
|g psbo
|
| 801 |
|
1 |
|a RU
|b 63413507
|c 20070112
|g PSBO
|
| 801 |
|
2 |
|a RU
|b 63413507
|c 20100407
|g PSBO
|
| 900 |
|
|
|a Элементы систем управления
|
| 942 |
|
|
|c BK
|